Computer technology in property management (Record no. 94828)

MARC details
000 -LEADER
fixed length control field 00927cam a2200217 4500
001 - CONTROL NUMBER
control field ##D1851
008 - FIXED-LENGTH DATA ELEMENTS--GENERAL INFORMATION
fixed length control field 090401t1986 xxu||||| |||| 00| 0 eng d
035 ## - SYSTEM CONTROL NUMBER
System control number (Sirsi) u66210
041 0# - LANGUAGE CODE
Language code of text/sound track or separate title eng
050 04 - LIBRARY OF CONGRESS CALL NUMBER
Classification number 333.330285 $2 18
110 2# - MAIN ENTRY--CORPORATE NAME
Corporate name or jurisdiction name as entry element Building Maintenance Cost Information Service
9 (RLIN) 1702
245 00 - TITLE STATEMENT
Title Computer technology in property management
Remainder of title transactions of a one-day seminar sponsored by the Building Maintenance Cost Information Service held at the Royal Institution of Chartered Surveyors on 20 September 1985
260 ## - PUBLICATION, DISTRIBUTION, ETC.
Place of publication, distribution, etc. Kingston upon Thames
Name of publisher, distributor, etc. BMCIS
Date of publication, distribution, etc. 1986
300 ## - PHYSICAL DESCRIPTION
Extent 27p.
Dimensions 30cm
490 #0 - SERIES STATEMENT
Series statement BMCIS Occasional Papers
520 ## - SUMMARY, ETC.
Summary, etc. This item is part of a subscription service and no part of it can be read out over the phone. Please contact BMI direct on +44 (0)20 7222 7000 for details.
651 #4 - SUBJECT ADDED ENTRY--GEOGRAPHIC NAME
Geographic name United Kingdom
Chronological subdivision
690 ## - LOCAL SUBJECT ADDED ENTRY--TOPICAL TERM (OCLC, RLIN)
Topical term or geographic name as entry element BUILT ENVIRONMENT-BUILDING COSTS
942 ## - ADDED ENTRY ELEMENTS (KOHA)
Suppress in OPAC 0
948 ## - LOCAL PROCESSING INFORMATION (OCLC); SERIES PART DESIGNATOR (RLIN)
c (OCLC) 04/03/1997
Holdings
Withdrawn status Lost status Source of classification or shelving scheme Damaged status Not for loan Home library Current library Shelving location Date acquired Total Checkouts Full call number Barcode Date last seen Copy number Price effective from Koha item type
    Dewey Decimal Classification     London London Enquiry desk 14/09/1999   ENQUIRY DESK 30006391 06/08/2019 1 06/08/2019 Reference material